000 01341cam a22002174a 4500
005 20250605163933.0
008 250528s ||||||||||||||||||||||||d
035 _a14779
020 _a818504153
040 _aGR-AtMCL
_bgre
_dGR-AtMCL
_eAACR2
245 1 _aSocial Psychology in the 80s / Third Edition
250 _a3rd
260 _bBrooks/Cole Publishing Company,
_c1981
300 _a656
520 _aTheories as Explanations of Social Behavior, Methods of Studying Behavior, Social Perception: Impressions and Explanations of People, Impression Management: The Self in Social Interaction, Interpersonal Communication, Affiliation and Attraction and Love, The Social Psychology of Sexual Behavior, More Judgements and Behavior, Prosocial Behavior: Cooperations and Helping, Aggression and Violence, Attitudes and Prejudice and Discrimination, Theories of Attitude Change, Attitudes and Behavior Change: Outcomes, Social Influence and Personal Control, Variations in Social Behavior: Sex and Race and Social Class, Individual Differences in Social Behavior, The Behavior in Groups, Leadership and Organizational Effectiveness, Physical Environment and Interpersonal Behavior, Social Psychology and Society.
700 1 _aDeaux Kay
_9537
700 1 _aWrichtsman Lawrence S
_9538
942 _cBK
999 _c398
_d398